|
|
|
|
| LEADER |
00000nam a2200000 a 4500 |
| 001 |
vtls009299074 |
| 003 |
SK-MaSNL |
| 005 |
20260301081642.0 |
| 008 |
240318s2008 xo g 000 0 slo |
| 015 |
|
|
|a SNBA2008/05-02235
|
| 020 |
|
|
|a 9788085223811
|q (brož.)
|
| 035 |
|
|
|a D2F35332-DB6B-40AB-99EC-3B250687C93F
|
| 035 |
|
|
|a urn:nbn:sk:snk-aml6cy
|
| 035 |
|
|
|a urn:nbn:sk:snk-am008uqa
|
| 040 |
|
|
|a SNK
|b slo
|c SNK
|e AACR2
|
| 041 |
1 |
|
|a slo
|h eng
|
| 044 |
|
|
|a xo
|c SK
|
| 072 |
|
7 |
|a 316.8
|x Manželstvo a rodina. Sexuálne vzťahy
|2 konspekt
|
| 080 |
|
|
|a 316.472.42
|2 2001
|
| 080 |
|
|
|a 316.356.2
|2 2001
|
| 080 |
|
|
|a 316.813.5
|2 2001
|
| 080 |
|
|
|a 316.811.11-027.581
|2 2001
|
| 080 |
|
|
|a 364.642:316.811.1
|2 2001
|
| 080 |
|
|
|a 364-785.4:316.811.1
|2 2001
|
| 080 |
|
|
|a 159.942.2
|2 2001
|
| 080 |
|
|
|a (048.8)
|2 2001
|
| 100 |
1 |
|
|a Padovani, Martin H.
|4 aut
|9 293317
|
| 240 |
1 |
0 |
|a Healing wounded relationships
|l Slovensky
|
| 245 |
1 |
0 |
|a Hojenie zranených vzťahov
|c Martin H. Padovani ; [preklad: Veronika Kováliková a František Sirovič]
|
| 250 |
|
|
|a [1. vyd.]
|
| 260 |
|
|
|a Nitra
|b Spoločnosť Božieho slova
|c 2008
|
| 300 |
|
|
|a 191 s.
|c 21 cm
|
| 650 |
0 |
7 |
|a partnerské vzťahy
|2 SNKPH
|9 2250
|
| 650 |
0 |
7 |
|a rodinné vzťahy
|2 SNKPH
|9 3865
|
| 650 |
0 |
7 |
|a partnerské rozchody
|2 SNKPH
|9 84880
|
| 650 |
0 |
7 |
|a manželstvo
|2 SNKPH
|9 659
|
| 650 |
0 |
7 |
|a manželská kríza
|2 SNKPH
|9 97553
|
| 650 |
0 |
7 |
|a manželská terapia
|2 SNKPH
|9 75481
|
| 650 |
0 |
7 |
|a emocionálne vzťahy
|2 SNKPH
|9 71416
|
| 655 |
|
7 |
|a štúdie
|2 SNKPH
|9 57033
|
| 700 |
1 |
|
|a Kováliková, Veronika,
|d 1926-
|4 trl
|9 220275
|
| 700 |
1 |
|
|a Sirovič, František,
|d 1920-
|4 trl
|9 114871
|
| 919 |
|
|
|a 978-80-85223-81-1
|
| 958 |
|
|
|a NB
|
| 958 |
|
|
|a OP
|
| 968 |
|
|
|b ENG
|d 30/31
|
| 999 |
|
|
|c 656458
|d 658388
|
| 952 |
|
|
|a SNK
|b SNK
|y PREZ
|7 0
|p 17A0589731
|o snkSC 132136
|i snk2008/11607
|8 0
|0 0
|1 0
|4 0
|d 2008-05-30
|f 1
|l 0
|r 2025-06-23 00:00:00
|w 2026-02-23
|
| 952 |
|
|
|a SNK
|b SNK
|y VYP
|7 0
|p 17A0589765
|o snkSC 132136 D1
|i snk2008/11608
|8 0
|0 0
|1 0
|4 0
|d 2008-05-30
|l 0
|r 2026-02-23 18:40:07
|w 2026-02-23
|